History of China - Picture Quiz - Statistics

General Stats
  • This quiz has been taken 603 times
  • The average score is 10 of 18
Answer Stats
Picture Hint Answer % Correct
(construction) Great Wall
98%
(chairman) Mao Zedong
92%
(trade route) Silk Road
84%
(dinasty) Qing
73%
{Opium} Wars
71%
(martial art) Kung Fu
69%
(palace) Forbidden City
63%
(invention) Gunpowder
61%
(philosopher) Laozi
52%
(conqueror) Kublai Khan
51%
{Boxer} Rebellion
46%
{Cultural} Revolution
44%
(invention) Compass
43%
(classification scheme ) Chinese Zodiac
23%
(religion) Confucianism
23%
(artificial river) Grand Canal
22%
{Potala} Palace
21%
(book) I Ching
18%
No matching quizzes found
Score Distribution
Percent of People with Each Score
Percentile by Number Answered
Your Score History
You have not taken this quiz